| 000 | 01263nam0a2200313 4500 | ||
|---|---|---|---|
| 001 | RU\NLR\bibl\114666 | ||
| 005 | 20250617093830.0 | ||
| 010 |
_a5-89690-007-4 _910000 |
||
| 021 |
_aRU _b2000-25282 _91198 |
||
| 035 | _a(NLR Aleph) 000112272 | ||
| 090 |
_a637221 _c637221 |
||
| 100 | _a20001025d2000 |||y0rusy50 ca | ||
| 101 | 0 | _arus | |
| 102 | _aRU | ||
| 105 | _aa ||||||||| | ||
| 200 | 1 | _aСенаторы России. 2000 год | |
| 210 |
_aМ. _cЧеловек & Карьера _d2000 |
||
| 215 |
_a189,[1] с. _cпортр. _d22 |
||
| 225 | 1 | _aРоссия на рубеже XXI века | |
| 601 | 1 | 1 |
_aРоссийская Федерация _bФедеральное собрание _jБиографии _xСовет Федерации _91538679 _3RU\NLR\auth\66971936 |
| 601 | 0 | 1 |
_aРоссийская Федерация _bСовет Федерации _jБиографии _92092577 _3RU\NLR\auth\661266443 |
| 606 | 0 |
_aГосударственные и политические деятели _yРоссийская Федерация _91576317 _3RU\NLR\auth\66990609 |
|
| 686 | _aТ3(2)74-8 | ||
| 686 | _aХ620.611.32Р | ||
| 801 | 0 |
_aRU _bNLR _c20001025 _gPSBO |
|
| 801 | 1 |
_aRU _bNLR _c20001025 |
|
| 852 |
_aNLR _jС К-2/8457 |
||
| 942 | _cBOOK | ||
| 980 | _aNB | ||